Solaranlagen : (Запис № 550291)
[ простий вигляд ]
| 000 -LEADER | |
|---|---|
| fixed length control field | 01285cam a2200289M 4500 |
| 001 - CONTROL NUMBER | |
| control field | solaranlagenplan00lade |
| 003 - CONTROL NUMBER IDENTIFIER | |
| control field | CaSfIA |
| 005 - DATE AND TIME OF LATEST TRANSACTION | |
| control field | 20210119083134.0 |
| 007 - PHYSICAL DESCRIPTION FIXED FIELD--GENERAL INFORMATION | |
| fixed length control field | cr|||| |
| 008 - FIXED-LENGTH DATA ELEMENTS--GENERAL INFORMATION | |
| fixed length control field | 921215s1993 gw 000 0 ger d |
| 040 ## - CATALOGING SOURCE | |
| Original cataloging agency | NLGGC |
| Description conventions | fobidrtb |
| Language of cataloging | dut |
| Transcribing agency | NLGGC |
| Modifying agency | CaSfIA |
| 020 ## - INTERNATIONAL STANDARD BOOK NUMBER | |
| International Standard Book Number | 3922964540 |
| 020 ## - INTERNATIONAL STANDARD BOOK NUMBER | |
| International Standard Book Number | 9783922964544 |
| 035 ## - SYSTEM CONTROL NUMBER | |
| System control number | (OCoLC)66115798 |
| 080 ## - UNIVERSAL DECIMAL CLASSIFICATION NUMBER | |
| Universal Decimal Classification number | 38 |
| 029 0# - (OCLC) | |
| OCLC library identifier | NLGGC |
| System control number | 10105002X |
| 100 1# - MAIN ENTRY--PERSONAL NAME | |
| Personal name | Ladener, Heinz. |
| 245 10 - TITLE STATEMENT | |
| Title | Solaranlagen : |
| Medium | [electronic resource] |
| Remainder of title | Planung, Bau & Selbstbau von Solarsystemen zur Warmwasserbereitung und Raumheizung / |
| Statement of responsibility, etc | Heinz Ladener. |
| 250 ## - EDITION STATEMENT | |
| Edition statement | 2. Aufl. |
| 260 ## - PUBLICATION, DISTRIBUTION, ETC. (IMPRINT) | |
| Place of publication, distribution, etc | Staufen bei Freiburg : |
| Name of publisher, distributor, etc | Ökobuch, |
| Date of publication, distribution, etc | 1993. |
| 300 ## - PHYSICAL DESCRIPTION | |
| Extent | 224 p. : |
| Other physical details | ill. ; |
| Dimensions | 21 cm. |
| 506 ## - RESTRICTIONS ON ACCESS NOTE | |
| Standardized terminology for access restriction | Необхідна авторизація на https://archive.org/ (створення облікового запису безкоштовно) |
| 506 ## - RESTRICTIONS ON ACCESS NOTE | |
| Standardized terminology for access restriction | Необхідна авторизація на https://openlibrary.org/ (створення облікового запису безкоштовно) |
| 856 41 - ELECTRONIC LOCATION AND ACCESS | |
| Uniform Resource Identifier | <a href="http://www.archive.org/details/solaranlagenplan00lade">http://www.archive.org/details/solaranlagenplan00lade</a> |
| Public note | Free eBook from the Internet Archive |
| 856 42 - ELECTRONIC LOCATION AND ACCESS | |
| Uniform Resource Identifier | <a href="http://www.openlibrary.org/books/OL24220034M">http://www.openlibrary.org/books/OL24220034M</a> |
| Public note | Additional information and access via Open Library |
| 942 ## - ADDED ENTRY ELEMENTS (KOHA) | |
| Koha item type | ЕКнига |
Немає доступних примірників.